Anecdotes et Faits Historiques - Statistiques

Statistiques générales
  • Ce quiz a été pris 86 fois
  • Le résultat moyen est 4 sur 10
Statistiques - réponses
Question Réponse % Correct
Qui fut le plus grand rival de Nikola Tesla ? Thomas Edison
100%
Quel Roi mourut bêtement en heurtant le linteau d'une porte alors qu'il se rendait voir une partie de jeu de paume ? Charles VIII
63%
La Guerre la plus courte de l'histoire,qui vit s'opposer les forces britanniques à Zanzibar,a durée : 38 minutes
50%
Roi d'Angleterre surnommé "Cœur de Lion" : Richard Ier
50%
Elle rapporta la fourchette au Royaume de France : Catherine de Médicis
38%
Quel traité mit officiellement fin à la Guerre de Cent Ans ? Picquigny
38%
Chevalier ayant servi Charlemagne pendant quelques années et considéré aujourd'hui comme un Héros Légendaire : Roland de Roncevaux
38%
Biographe de Saint-Louis ayant vécu 94 ans : Jean de Joinville
25%
Quel est le seul Roi de France a avoir été Roi de sa naissance à sa mort ? Jean ier
13%
À sa création au XIVème Siècle,l'Autriche était... Un marquisat
0%
Aucun quiz correspondant
Distribution des résultats
% des personnes avec chaque résultat
Percentile par nombre de réponses
Votre historique - résultats
Vous n’avez pas pris ce quiz